01391nam a2200313 i 4500003000900000005001700009008004100026040004600067041000800113082002600121092000700147099003500154100003300189245006000222264007900282300003200361336002200393337002400415338003300439546011600472650003500588651001000623856005700633905000700690942001900697999001700716952017200733952017200905EG-GICUC20260121101511.0251216s1980    ua ||||f |||| 00| 0 ara d  a EG-GICUCbarac EG-GICUCd EG-GICUCerda  aara04221a343.6bع و . م04221  aLaw1 10	343.6 ع و . م  19800 aعوض محمدeمؤلف.10aمبادئ علم الإجرام \cعوض محمد 1aالاسكندرية :bمؤسسة الثقافة العربية,c1980.  a؛  322 صفحة c24 سم.  2rda contentatext  2rda mediaaComputer  2rda carrieraOnline Resource  aالنص أغلبه باللغة العربية بعض النصوص الإنجليزية والفرنسية14aعلم الإجرام2qrmak1 2qrmak40uhttps://fll.law.cu.edu.eg/fulltext/bks/B10-07270.pdf  a75  2ddccBKe21n0  c50918d50918  00102ddc40718القانون الجنائيaCUbLAW1d2025-12-16l0oLaw1 10	343.6 ع و . م  1980 1007270	C1pB10-07270r2025-12-16 16:53:56t1w2025-12-16yBK  00102ddc40708القانون الجنائيaCUbLAW1d2026-04-14l0oLaw1 10	343.6 ع و . م  1980 1009109 C2pB10-09109r2026-04-14 09:47:55t2w2026-04-14yBK